| 000 | 01424nam a2200241Ia 4500 | ||
|---|---|---|---|
| 003 | Ost | ||
| 005 | 20260507075625.0 | ||
| 008 | 260507s9999||||xx |||||||||||||| ||und|| | ||
| 020 | _a9789947782187 | ||
| 040 | _cfsecg | ||
| 041 | _aara | ||
| 082 | _a332.1 | ||
| 100 |
_aبوحفص، رواني _eمؤلف |
||
| 245 | 0 |
_aالتدقيق البنكي / _c رواني بوحفص |
|
| 260 |
_aالجزائر: _bالنشر الجامعي الجديد, _c2021 |
||
| 300 |
_a206 صفحة؛ _bأشكال بيانية، جداول _c24 سم |
||
| 504 | _aمراجع ص.193-206 | ||
| 520 | _aمفاهيم عامة حول الرقابة البنكية،مع التدقيق البنكي كأداة للرقابة المصرفية، والرقابة الداخلية لدى البنوك أنواعها ومكوناتها والاطار التشريعي لنظامها، بالاضافة الى التدقيق الخارجي والاجراءات التمهيدية والأعمال التفصيلية في عملية التدقيق البنكيمع هيئات التدقيق البنكيباللجنة المصرفية والاشراف على التدقيق الخارجي القانونيوهيئة المراقبة وحراسة بنك الجزائرودورها في تدقيق البنك المركزي. | ||
| 653 | _aالبنوك | ||
| 653 | _aالرقابة | ||
| 653 | _aمراجعة الحسابات | ||
| 942 | _cكتاب | ||
| 999 |
_c45166 _d45166 |
||